Hans Bredow

Titel: Hans Bredow / Klaus Scheel
Verfasser:
In: Ostdeutsche Gedenktage, (2009), Seite 38-43
alle Artikel anzeigen
Veröffentlicht: 2010
Format: Aufsatz
Sprache: Deutsch
Schlagworte:
Kein Bild verfügbar
X
alg: 42525183
001A    $03025:26-01-18 
001B    $01999:26-01-18 $t23:10:05.000 
001C    $03025:26-01-18 $t13:38:04.000 
001D    $03025:26-01-18 
001U    $0utf8 
001X    $00 
002@    $0Aou 
002C    $aText $btxt $2rdacontent 
002D    $aohne Hilfsmittel zu benutzen $bn $2rdamedia 
002E    $aBand $bnc $2rdacarrier 
003@    $0425251837 
007A    $0425251837 $aHEB 
010@    $ager 
010E    $erda 
011@    $a2010 
021A    $aHans Bredow $hKlaus Scheel 
028A    $BVerfasser $4aut $71070943851 $8Scheel, Klaus$Z1935- [Tp3] $9358901154 
031A    $h38-43 $j2009 
039B    $aEnthalten in $8--Abvc--. Ostdeutsche Gedenktage. - Bonn : Kulturstiftung der Vertriebenen, 1965-[2018] $x200900000000000962 $9047761881 
044K    $#Bredow, H. $#Bredow, Hans Carl August Friedrich $#Bredow $7118673661 $8Bredow, Hans$Z1879-1959 [Tp1] $908701453X 
045T    $a8,1 

lok: 42525183 78

exp: 42525183 78 1 #EPN
201B/01 $031-01-18 $t11:27:30.000 
201C/01 $026-01-18 
201U/01 $0utf8 
203@/01 $01016450907 
208@/01 $a26-01-18 $be 
209A/01 $a/ $f000 $x00 
209A/01 $ab*p $x01 
220C/01 $awma 
244Z/01 $#Engineers $#Ingénieurs $#Ingegneri $#engineers $#Ingenieure $#Ingenieur $#Ingenieurwissenschaftler $#Diplomingenieur $#Ingenieure $#Doktoringenieur $74026955-3 $8--Ts1--Ingenieur $x01 $9085067881 
244Z/01 $#Broadcasting $#Communication audiovisuelle $#radio $#Rundfunk $#Rundfunk $74050963-1 $8--Ts1--Rundfunk $x02 $9085142085 
244Z/01 $#Pommern $#Pommern $#Herzogtum Pommern $#Herzogthum Pommern $#Provinz Pommern $#Pomorze $74046744-2 $8--Tg1--Pommern $x06 $9085130354 
247C/01 $82080>Marburg/Lahn, Herder-Institut, Forschungsbibliothek, Bibliographieportal $9336309341
LEADER 00000caa a2200000 c 4500
001 425251837
003 DE-603
005 20180126231005.0
007 tu
008 180126s2010 xx |||| | u00||u|ger c
035 |a (DE-599)HEB425251837 
040 |a DE-603  |b ger  |c DE-603  |d DE-603  |e rda 
041 |a ger 
084 |a 8,1  |2 ssgn 
100 1 |a Scheel, Klaus  |d 1935-  |e Verfasser  |4 aut  |0 (DE-603)358901154  |0 (DE-588)1070943851  |2 gnd 
245 0 0 |a Hans Bredow  |c Klaus Scheel 
264 0 |c 2010 
336 |a Text  |b txt  |2 rdacontent 
337 |a ohne Hilfsmittel zu benutzen  |b n  |2 rdamedia 
338 |a Band  |b nc  |2 rdacarrier 
600 1 7 |a Bredow, Hans  |d 1879-1959  |0 (DE-588)118673661  |0 (DE-603)08701453X  |2 gnd 
773 0 8 |i Enthalten in  |t Ostdeutsche Gedenktage  |d Bonn : Kulturstiftung der Vertriebenen, 1965-[2018]  |g (2009), Seite 38-43  |w (DE-603)047761881  |w (DE-600)521278-9 
924 0 |9 2080  |a (DE-603)1016450907  |b DE-2080  |c HES  |d d  |g /